书目信息 |
| 题名: |
爵士音乐概论与即兴演奏法
|
|
| 作者: | 萨斯曼 著 ;孙莉莎 , 陈宥任 译 | |
| 分册: | ||
| 出版信息: | 上海 上海音乐出版社 2020.04 |
|
| 页数: | 99页 | |
| 开本: | 26cm | |
| 丛书名: | ||
| 单 册: | ||
| 中图分类: | J618 | |
| 科图分类: | ||
| 主题词: | 爵士乐--即兴演奏 | |
| 电子资源: | ||
| ISBN: | 978-7-5523-1941-5 | |
| 000 | 01249nam0 2200301 450 | |
| 001 | 0120202975875 | |
| 005 | 20201019155512.25 | |
| 010 | @a978-7-5523-1941-5@dCNY48.00 | |
| 100 | @a20200514d2020 em y0chiy50 ea | |
| 101 | 1 | @achi@ceng |
| 102 | @aCN@b310000 | |
| 105 | @ag z 000yy | |
| 106 | @ar | |
| 200 | 1 | @a爵士音乐概论与即兴演奏法@9jue shi yin yue gai lun yu ji xing yan zou fa@b专著@dJazz theory and improvisation@zeng |
| 210 | @a上海@c上海音乐出版社@d2020.04 | |
| 215 | @a99页@d26cm | |
| 306 | @a与上海文艺音像电子出版社合作出版 | |
| 314 | @a封面题:理查德·萨斯曼(Richard Sussman)著 孙莉莎,陈宥任译 | |
| 330 | @a本选题来自纽约曼哈顿音乐学院爵士乐作曲教授理查德·萨斯曼。全书分为九个章节,对爵士乐的和声、节奏、记谱、音乐语汇和旋律动机进行了全面的分析与解说,并提供了曲目视听清单。全书将爵士乐的理论、聆听、实践融为一体,向爵士演奏者和作曲者提供了一套行之有效的技巧与案例指导。 | |
| 333 | @a爵士乐爱好者 | |
| 510 | 1 | @aJazz theory and improvisation@zeng |
| 606 | 0 | @a爵士乐@x即兴演奏 |
| 690 | @aJ618@v5 | |
| 701 | 0 | @c(美)@a萨斯曼@9sa si man@c(Sussman, Richard)@4著 |
| 702 | 0 | @a孙莉莎@9sun li sha@4译 |
| 702 | 0 | @a陈宥任@9chen you ren@4译 |
| 801 | 0 | @aCN@b人天书店@c20200514 |
| 905 | @b1292335-38@dJ618@e1103@f4 | |
| 爵士音乐概论与即兴演奏法=Jazz theory and improvisation.-上海:上海音乐出版社,2020.04 |
| 99页;26cm |
| 使用对象:爵士乐爱好者 |
| ISBN 978-7-5523-1941-5:CNY48.00 |
| 本选题来自纽约曼哈顿音乐学院爵士乐作曲教授理查德·萨斯曼。全书分为九个章节,对爵士乐的和声、节奏、记谱、音乐语汇和旋律动机进行了全面的分析与解说,并提供了曲目视听清单。全书将爵士乐的理论、聆听、实践融为一体,向爵士演奏者和作曲者提供了一套行之有效的技巧与案例指导。 |
| ● |
| 相关链接 |
|
|
|
|
正题名:爵士音乐概论与即兴演奏法
索取号:J618/1103
 
预约/预借
| 序号 | 登录号 | 条形码 | 馆藏地/架位号 | 状态 | 备注 |
| 1 | 1292335 | 212923354 | 第一样本阅览室/ [索取号:J618/1103] | 在馆 | |
| 2 | 1292336 | 212923363 | 第一借阅区/ [索取号:J618/1103] | 在馆 | |
| 3 | 1292337 | 212923372 | 第一借阅区/ [索取号:J618/1103] | 在馆 | |
| 4 | 1292338 | 212923381 | 第一借阅区/ [索取号:J618/1103] | 在馆 |